书目信息 |
| 题名: |
创新思维
|
|
| 作者: | 张驰 编著 | |
| 分册: | ||
| 出版信息: | 北京 海潮出版社 2002 |
|
| 页数: | 405页 | |
| 开本: | 20cm | |
| 丛书名: | 明日生存丛书 | |
| 单 册: | ||
| 中图分类: | B804.4 | |
| 科图分类: | ||
| 主题词: | 创造性思维 | |
| 电子资源: | ||
| ISBN: | 7-80151-636-2 | |
| 000 | 00728oam2 2200241 45 | |
| 001 | 002219290 | |
| 005 | 20050315150237.2 | |
| 010 | @a7-80151-636-2@dCNY21.80 | |
| 100 | @a20021231d2002 em y0chiy0110 ea | |
| 101 | 0 | @achi |
| 102 | @aCN@b110000 | |
| 105 | @aa z 000yy | |
| 200 | 1 | @a创新思维@Achuang xin si wei@f张驰编著@FZhang Chi Bian Zhu |
| 210 | @a北京@c海潮出版社@d2002 | |
| 215 | @a405页@c图@d20cm | |
| 225 | 2 | @a明日生存丛书 |
| 330 | @a本书从逆向思维、系统思维、质疑思维、随意思维、辩证思维和灵感思维等方面讲述了人们如何进行创新思维。 | |
| 410 | @12001 @a明日生存丛书 | |
| 606 | 0 | @a创造性思维 |
| 690 | @aB804.4@v4 | |
| 701 | 0 | @a张驰@4编著 |
| 801 | 0 | @aCN@bNLC@c20030630 |
| 905 | @b344748-752@dB804.4@e15@f5 | |
| 创新思维/张驰编著.-北京:海潮出版社,2002 |
| 405页:图;20cm.-(明日生存丛书) |
| ISBN 7-80151-636-2:CNY21.80 |
| 本书从逆向思维、系统思维、质疑思维、随意思维、辩证思维和灵感思维等方面讲述了人们如何进行创新思维。 |
| ● |
| 相关链接 |
|
|
|
|
正题名:创新思维
索取号:B804.4/15
 
预约/预借
| 序号 | 登录号 | 条形码 | 馆藏地/架位号 | 状态 | 备注 |
| 1 | 0344748 | 203447485 | 第一样本阅览室/ [索取号:B804.4/15] | 在馆 | |
| 2 | 0344749 | 203447494 | 第一借阅区/ [索取号:B804.4/15] | 在馆 | |
| 3 | 0344750 | 203447500 | 第一借阅区/ [索取号:B804.4/15] | 在馆 | |
| 4 | 0344751 | 203447519 | 第一借阅区/ [索取号:B804.4/15] | 在馆 | |
| 5 | 0344752 | 203447528 | 第一借阅区/ [索取号:B804.4/15] | 在馆 |